Iluminación: luz con propiedades concretas o el equipo que la produce

Es fundamental para captar buenas imagenes, este libro esta dividido en seis secciones, conceptos teóricos, luz para el fotógrafo, luz natural, luz disponible, luz fotográfica

Dettagli Bibliografici
Natura: Libro
Lingua:Spanish
Serie:Blume fotografía 2
Soggetti:

MARC

LEADER 00000nam a2200000 a 4500
001 A3584
005 20230308183229.0
008 011112|2007 ||||||||r|||||||||||spa||
040 |b spa 
041 1 |a spa 
082 0 |a 778.534 3 
245 0 0 |a Iluminación:  |b luz con propiedades concretas o el equipo que la produce  |c David Prakel  |h imp 
264 |a Barcelona  |b Blume  |c 2007 
300 |a 175 páginas:  |b ilu  |c 23 cm 
490 0 0 |a Blume fotografía  |v 2 
504 |a incl. ref. 
520 3 |a Es fundamental para captar buenas imagenes, este libro esta dividido en seis secciones, conceptos teóricos, luz para el fotógrafo, luz natural, luz disponible, luz fotográfica 
650 0 |a Iluminación  |9 17450 
650 |a Luz en fotografia  |9 104075 
650 |a Flash  |9 104076 
650 |a Iluminacion cinematica  |9 104077 
650 |a Iluminacion comercial  |9 104078 
852 |a UC-YANUNCAY  |c SALA 2 ARTES  |f Compra  |k jhoanna.mogollon  |l 1  |m General  |p 20111122  |q 50,00  |r 2  |t A3584  |y 356217  |b 0  |d CDRY  |e CDRY  |g 778.534 3 SALA 2 ARTES  |z 2011-11-12 
942 |c BK  |0 1 
999 |c 62310  |d 62310